| 000 -LEADER | |
|---|---|
| fixed length control field | 00548nam a22001817a 4500 |
| 005 - DATE AND TIME OF LATEST TRANSACTION | |
| control field | 20240920152734.0 |
| 008 - FIXED-LENGTH DATA ELEMENTS--GENERAL INFORMATION | |
| fixed length control field | 240919b |||||||| |||| 00| 0 eng d |
| 020 ## - INTERNATIONAL STANDARD BOOK NUMBER | |
| ISBN | 978-93-90972-04-3 |
| 041 ## - LANGUAGE CODE | |
| Language code of text/sound track or separate title | eng |
| 082 ## - DEWEY DECIMAL CLASSIFICATION NUMBER | |
| Classification number | 615.19 |
| 100 ## - MAIN ENTRY--AUTHOR NAME | |
| Personal name | JADHAV, DR.KHANDERAO RAJARAM. AND SURANA, MR. KHEMCHAND RAJENDRA |
| 245 ## - TITLE STATEMENT | |
| Title | PHARMACEUTICAL PRODUCT DEVELOPMENT [ B.PHARMA, 8TH SEMESTER] |
| 250 ## - EDITION STATEMENT | |
| Edition statement | 1ST RE. PRINT ED. 2022 |
| 260 ## - PUBLICATION, DISTRIBUTION, ETC. (IMPRINT) | |
| Place of publication | LUCKNOW |
| Name of publisher | THAKUR PUBLICATION PVT.LTD |
| 300 ## - PHYSICAL DESCRIPTION | |
| Number of Pages | 190;P |
| 650 ## - SUBJECT ADDED ENTRY--TOPICAL TERM | |
| Topical Term | PHARMACY |
| General subdivision | B.PHARMA |
| 942 ## - ADDED ENTRY ELEMENTS (KOHA) | |
| Koha item type | Books |
| Lost status | Damaged status | Collection code | Home library | Current library | Shelving location | Date acquired | Source of acquisition | Cost, normal purchase price | Serial Enumeration / chronology | Full call number | Accession Number | Koha item type |
|---|---|---|---|---|---|---|---|---|---|---|---|---|
| Reference | JRU Library | JRU Library | SHELF-3-D | 13/09/2024 | PURCHASE | 160.00 | NEW ARRIVALS SHELF | 615.19 | 28527 | Books | ||
| PHARMACY | JRU Library | JRU Library | SHELF-18-G | 13/09/2024 | PURCHASE | 160.00 | 615.19 | 28528 | Books | |||
| PHARMACY | JRU Library | JRU Library | SHELF-18-G | 13/09/2024 | PURCHASE | 160.00 | 615.19 | 28529 | Books |